Statistics for June 18th: Birthdays

Click here to take the quiz!

General Stats

  • This quiz has been taken 14 times
  • The average score is 2 of 8

Answer Stats

YearClueAnswer% Correct
1942Member of the BeatlesPaul McCartney
100%
1976Artist of Doin' What She LikesBlake Shelton
17%
1886"Because it is there"George Mallory
17%
1924Basketball Hall of FamerGeorge Mikan
17%
1942President of South AfricaThabo Mbeki
17%
1884French Prime MinisterÉdouard Daladier
8%
1952Actress in Big NightIsabella Rossellini
0%
1986Actor in CinderellaRichard Madden
0%

Score Distribution

Percentile by Number Answered

Percent of People with Each Score

Your Score History

You have not taken this quiz